| 000 | 00372 a2200121 4500 | ||
|---|---|---|---|
| 001 | ART_46246 | ||
| 005 | 20260410161953.0 | ||
| 008 | 260409a | ||
| 245 | 1 | 0 | _aReformas en tarjetas de crédito |
| 100 | 1 | _aBarreira Delfino, Eduardo A. | |
| 700 | 1 | _aCamerini, Marcelo A. | |
| 773 | 0 |
_tTemas de derecho comercial _g- Año 4, N° 4 (abr. 2018) _wREV28151 |
|
| 999 |
_c30583 _d30583 |
||